| 000 | 00582nam a22001817a 4500 | ||
|---|---|---|---|
| 005 | 20230727141526.0 | ||
| 040 | _curs | ||
| 050 | _aBF 121 E93 2000 | ||
| 100 |
_95630 _aEvangelista, Lourdes L., _eauthor. |
||
| 245 |
_aIntroduction to psychology with questions and answers _cLourdes L. Evangelista |
||
| 250 | _aRevised edition | ||
| 260 |
_aPlace of publication not identified _bBooklore Publishing Corporation _c2000 |
||
| 336 |
_2rdacontent _atext _btxt |
||
| 337 |
_2rdamedia _aunmediated _bn |
||
| 338 |
_2rdacarrier _avolume _bnc |
||
| 650 | 0 |
_92086 _aPsychology |
|
| 942 |
_2lcc _cF |
||
| 999 |
_c72265 _d72264 |
||